Možnosti aplikácie etiky vo vybranej oblasti účtovníctva podnikateľov bakalárska práca

Salvato in:
Dettagli Bibliografici
Autore principale: Maslíková, Petra
Ente Autore: Fakulta hospodárskej informatiky EU. Katedra účtovníctva a audítorstva
Altri autori: Varinská, Katarína
Natura: Libro
Lingua:slovacco
Pubblicazione: Bratislava 2013
Tags: Aggiungi Tag
Nessun Tag, puoi essere il primo ad aggiungerne!!

MARC

LEADER 00000nbm a2200000 4500
001 0173176
005 20161109112144.1
041 0 |a slo 
044 |a SK 
245 1 0 |a Možnosti aplikácie etiky vo vybranej oblasti účtovníctva podnikateľov  |b bakalárska práca  |c Petra Maslíková ; školiteľ: Katarína Varinská 
264 1 |a Bratislava  |c 2013 
300 |a 49 s. 
100 1 |a Maslíková, Petra 
700 1 |a Varinská, Katarína 
710 2 |a Fakulta hospodárskej informatiky EU. Katedra účtovníctva a audítorstva